| Tag |
First Indicator |
Second Indicator |
Subfields |
| LEADER |
00000cam a2200000Ma 4500 |
| 001 |
in00003545280 |
| 006 |
m o d |
| 007 |
cr nn||||||||| |
| 008 |
121227s1999 enk o 000 0 eng d |
| 005 |
20260421164212.6 |
| 020 |
|
|
|a 9781447105633 (electronic bk.)
|
| 020 |
|
|
|a 144710563X (electronic bk.)
|
| 035 |
|
|
|a (OCoLC)840277119
|
| 040 |
|
|
|a I9W
|b eng
|e pn
|c I9W
|d OCLCQ
|d UV0
|d OCLCO
|d GW5XE
|d OCLCF
|d OCLCA
|d UtOrBLW
|
| 049 |
|
|
|a TXAM
|
| 050 |
|
4 |
|a TA1637-1638
|
| 082 |
0 |
4 |
|a 006.6
|2 23
|
| 100 |
1 |
|
|a Paton, Ray.
|
| 245 |
1 |
0 |
|a Visual Representations and Interpretations /
|c edited by Ray Paton, Irene Neilson.
|
| 264 |
|
1 |
|a London :
|b Springer London :
|b Imprint :
|b Springer,
|c 1999.
|
| 300 |
|
|
|a 1 online resource (X, 403 pages)
|
| 336 |
|
|
|a text
|b txt
|2 rdacontent
|
| 337 |
|
|
|a computer
|b c
|2 rdamedia
|
| 338 |
|
|
|a online resource
|b cr
|2 rdacarrier
|
| 520 |
|
|
|a There is often a great deal of discussion these days about multi-disciplinary research and the value of exchanging ideas and methods across traditional discipline boundaries. Indeed, it could be justifiably argued that many of the advances in science and engineering take place because the ideas, methods and the tools of thought from one discipline become re-applied in others. Sadly, it is also the case that many subject areas develop specialised vocabularies and concepts and indeed may also approach more general problems in fairly narrow subject-specific ways. As a result barriers develop between disciplines that prevent the free flow of ideas and the collaborations that could often bring success. This workshop is intended to break down such barriers. This volume contains papers written by researchers in the many varied disciplines that are actively investigating visual representations and interpretations.
|
| 505 |
0 |
|
|a Preface -- Introduction -- I. Neilson - A Multidisciplinary Perspective on Visual Representations and Interpretations -- THEME 1: VISUALISATION FOR EFFECTIVE COMMUNICATION. A. Harrison - Realism and Representation: Pictures, Models and Theories. J.R. Lee - Words and Pictures - Goodman Revisited. R. Brown - Mathematics and Knots. P. Kent - A Visual, Computational Object Language for Mathematics. C.A. Lund and R.C. Paton - A Visual Metaphor for Psychoanalytic Training and Supervision. N. de Freitas - Geomentality: Reframing the Landscape. J. Hill and P. Wright - Graphically Representing Causal Sequences in Accident Scenarios: Just Some of the Issues. A. Antonacopoulos and F. Delporte - Automated Interpretation of Visual Representations: Extracting Textual Information from WWW Images -- THEME 2: THE VISUAL DIMENSION OF SCIENCE. R. Harri - Models and Type-hierarchies: Cognitive Foundations of Iconic Thinking. A. Ione - Defining Visual Representation as a Creative and Interactive Modality. R.F. Hendry - Theories and Models: the Interactive View. D.L. Cooper - Visual Representations and Interpretations of Molecular Electronic Structure: The Survival and Re-emergence of Valence Bond Theory. J.H. Parish - The Language of Proteins. D.S Goodsell - Atomistic vs Continuous Representations in Molecular Biology. V.N. Serov, O.V. Kirillova and M.G. Samsonova - NetWork: a Tool for Visualization of Genetic Network Structure and Dynamics -- THEME 3: ARTICULATING THE DESIGN PROCESS. G. Malcolm and J.A. Goguen - Signs and Representations: Semiotics for User Interface Design. M. Treglown - Is the Trashcan Being Ironic? Analysing Direct Manipulation User Interfaces Using a Contemporary Theory of Metaphor. D. England - Visualisation of Data Landscapes for Collaborative Virtual Environments. S.J. Sloane - Interpreting Computer-Based Fictional Characters, a Reader's Manifesto: Or Remarks in Favour of the Accommodating Text. C.F. Earl - The Boundaries of a Shape and the Shape of Boundaries. H. Carlisle, P. Phillips and G. Bunce - Breaking the Monotony: Using Randomisation Techniques in Computer-Aided Textile Design. T. Fernando, P. Wimalaratne and K. Tan - Virtual World Representation Issues for supporting Assembly and Maintainability Assessment Tasks. P.J. Stappers and J.M. Hennessey - Toward Electronic Napkins and Beermats: Computer Support for Visual Ideation Skills. J. Mcfadzean - Computational Support for Conceptual Sketching: Analysis and Interpretation of the Graphical Notation of Visual Representations. C. Tweed - Learning to See Architecturally -- THEME 4: PSYCHOLOGICAL AND PHILOSOPHICAL PERSPECTIVES. A.E. Welchman and J.M. Harris - Studying oles'to Understand Visual Representation. T. Marsh and P. Wright - Articulation of Spatial Information: 3D Shapes. R. Kovordanyi - Mental Image Reinterpretation in the Intersection of Conceptual and Visual Constraints. T. Schubert, F. Friedmann and H. Regenbrecht - Embodied Presence in Virtual Environments. C. Dormann - A Taxonomy of Visual Metaphors. B.C. Buckley and C.J. Boulter - Analysis of Representations in Model-Based Teaching and Learning in Science. S.R. Edwards - From Gutenberg to Gates: the Creation of the Photographic Negative, the Consequent Evolution of a Visual Language, and its Impact on the Way Societies Represent and Read Their Worlds. D. K. Manley - Theatricality and Levels of Believabilty in Graphical Virtual Environments. H. Clapin - Visual Representation and Taxonomy. M.A.R Biggs - Interpreting Wittgenstein's Graphics -- THEME 5: VISUAL REPRESENTATIONS AND COMPUTATIONAL PROCESSES. M. A. Beaumont,D. Jackson and M. Usher - Visualising Complex Sequential and Parallel Programs. P. Young and M. Munro - 3D Software Visualisation. D.S. Neary and M.R. Woodward - Visualisation of the OBJ Term Re-writing Process. C.N.Yap and M. Holcombe - A Visual Representation of Mathematical Expressions. A.G.P. Brown, F.P. Coenen and M.W. Knight - Visualisation of an AI Solution. L. Pineda and G. Garza - A Model for Multimodal Representation and Inference. B.E. Brdeck, M. Eibl and, J Krause - Visualisation in Document Retrieval: An Example of the Integration of Software Ergonomics and an Aesthetic Quality in Design. D. Reid and C.Gittings - Visualising Dynamic Browsing Patterns via Navigation Agents. '.
|
| 500 |
|
|
|a Electronic resource.
|
| 650 |
|
0 |
|a Computer science.
|
| 650 |
|
0 |
|a Multimedia systems.
|
| 650 |
|
0 |
|a Computer graphics.
|
| 650 |
|
0 |
|a Computer vision.
|
| 650 |
|
7 |
|a Computer graphics.
|2 fast
|0 (OCoLC)fst00872119
|
| 650 |
|
7 |
|a Computer science.
|2 fast
|0 (OCoLC)fst00872451
|
| 650 |
|
7 |
|a Computer vision.
|2 fast
|0 (OCoLC)fst00872687
|
| 650 |
|
7 |
|a Multimedia systems.
|2 fast
|0 (OCoLC)fst01028920
|
| 655 |
|
7 |
|a Electronic books.
|2 local
|
| 700 |
1 |
|
|a Neilson, Irene.
|
| 710 |
2 |
|
|a SpringerLink (Online service)
|
| 856 |
4 |
0 |
|u http://proxy.library.tamu.edu/login?url=https://link.springer.com/10.1007/978-1-4471-0563-3
|z Connect to the full text of this electronic book
|t 0
|
| 994 |
|
|
|a 92
|b TXA
|
| 999 |
|
|
|a MARS
|
| 999 |
f |
f |
|s c69ce7ab-434d-38e1-b7d7-9e85a8ebe393
|i 0390f068-9e06-33c6-abe5-6e664a82dc5a
|t 0
|
| 952 |
f |
f |
|a Texas A&M University
|b College Station
|c Electronic Resources
|s www_evans
|d Available Online
|t 0
|e TA1637-1638
|h Library of Congress classification
|
| 998 |
f |
f |
|a TA1637-1638
|t 0
|l Available Online
|